Multiple-Choice-Stadtquiz Wuppertal - Statistiken

Allgemein
  • Dieses Quiz wurde 1.465 mal gespielt
  • Das Durchschnittsergebnis liegt bei 6 aus 10
Antwortstatistiken
Frage Antwort % Korrekt
In welchem Bundesland liegt Wuppertal Nordrhein-Westfalen
93%
Wo würde man einen Thermomix finden? Küche
87%
Welches Tier fiel 1950 aus der Wuppertaler Schwebebahn? Elefant
72%
In welcher dieser Regionen liegt Wuppertal? Bergisches Land
69%
Wuppertal entstand aus der Fusionierung von Barmen mit welcher Stadt? Elberfeld
60%
Welcher Pharmakonzern wurde in Wuppertal gegründet? Bayer
45%
Welcher berühmte Kommunist ist in Wuppertal geboren? Friedrich Engels
45%
Für welche Industrie war Wuppertal früher bekannt? Textilindustrie
37%
Wie heißt das bekannteste Schwimmbad in Wuppertal? Schwimmoper
29%
In Wuppertal war die/der/das erste … der Welt. Planetarium
28%
Keine übereinstimmenden Quizze gefunden
Verteilung der Resultate
Anzahl Personen mit jedem Resultat
Perzentil nach korrekt beantworteten Fragen
Ihre Resultats-Entwicklung
Sie haben dieses Quiz noch nicht gespielt